000 00700nam a2200253 i 4500
001 C2-0014131
003 PPAK
005 20190630221926.0
008 970130s my |||| ||||| | may d
020 _a9838380717
040 _aPPAK
_beng
_cPPAK
_erda
082 0 4 _a297.4
_223
090 0 0 _a297.4
_bASY
_dG
100 1 _aAsy-Syafii, Abdullah bin As'ad Ali,
_eauthor
245 1 0 _aKisah wali-wali Allah (1)
264 1 _aKuala Lumpur :
_bSyarikat Nurulhas ,
_c[date of publication not identified]
300 _a216 pages ;
_c19 cm
336 _2rdacontent
_atext
337 _2rdamedia
_aunmediated
338 _2rdacarrier
_avolume
500 _aJilid 1
650 1 0 _aSufism
942 _ddc
_cB
999 _c3447
_d3447